000 00602nam a2200217 a 4500
001 17325
003 CO-ViMGA
008 141112s2004 ck r 000 u spa d
020 _a9589401341
040 _aCO-ViMGA
_bspa
_cCO-ViMGA
082 0 4 _a796.54 C177c
100 1 _aCastañeda, Luis Hernando
_924649
245 1 0 _aCampamentos
260 _aArmenia (Colombia),
_cKinesis,
_c2000
300 _a109.p.
590 _aForma de adquisición : Premio - Mincultura
650 1 4 _aCAMPAMENTOS
_924650
650 1 4 _aCAMPAMENTOS - EQUIPO
_924651
650 1 4 _aVIDA AL AIRE LIBRE
_918555
942 _2ddc
_cBK
999 _c26888
_d26888